<?xml version="1.0" encoding="UTF-8"?><?xml-stylesheet type="text/xsl" href="static/style.xsl"?><OAI-PMH xmlns="http://www.openarchives.org/OAI/2.0/" xmlns:xsi="http://www.w3.org/2001/XMLSchema-instance" xsi:schemaLocation="http://www.openarchives.org/OAI/2.0/ http://www.openarchives.org/OAI/2.0/OAI-PMH.xsd"><responseDate>2026-04-19T08:12:11Z</responseDate><request verb="GetRecord" identifier="oai:riubu.ubu.es:10259/5969" metadataPrefix="marc">https://riubu.ubu.es/oai/request</request><GetRecord><record><header><identifier>oai:riubu.ubu.es:10259/5969</identifier><datestamp>2023-10-02T08:20:57Z</datestamp><setSpec>com_10259_2699</setSpec><setSpec>col_10259_2705</setSpec></header><metadata><record xmlns="http://www.loc.gov/MARC21/slim" xmlns:doc="http://www.lyncode.com/xoai" xmlns:xsi="http://www.w3.org/2001/XMLSchema-instance" xmlns:dcterms="http://purl.org/dc/terms/" xsi:schemaLocation="http://www.loc.gov/MARC21/slim http://www.loc.gov/standards/marcxml/schema/MARC21slim.xsd">
<leader>00925njm 22002777a 4500</leader>
<datafield tag="042" ind1=" " ind2=" ">
<subfield code="a">dc</subfield>
</datafield>
<datafield tag="720" ind1=" " ind2=" ">
<subfield code="a">Pérez Romero, Amalia</subfield>
<subfield code="e">author</subfield>
</datafield>
<datafield tag="260" ind1=" " ind2=" ">
<subfield code="c">2021</subfield>
</datafield>
<datafield tag="520" ind1=" " ind2=" ">
<subfield code="a">En la realización de la tesis doctoral “La trayectoria cultural durante el Holoceno en el yacimiento de El Portalón de Cueva Mayor, Sierra de Atapuerca, Burgos” se ha planteado la comprensión y descripción en detalle de los procesos que generaron la formación arqueoestratigráfica del yacimiento desde hace más de 7000 años BP hasta la Edad Media, espacio temporal en el que el recinto es ocupado de manera prácticamente ininterrumpida.&#xd;
Desde una perspectiva general y a la vez pragmática, se estudian las aportaciones de este yacimiento al conocimiento de las sociedades d la prehistoria reciente de la que establecemos no sólo su cronología, su cultura material y los diferentes usos del espacio ocupado, sino también las relaciones establecidas con otras poblaciones y regiones (circulación de productos y tecnología, redes de intercambio, circulación de ideas, etc.), tanto a corta como a larga distancia y/o las discrepancias mantenidas entre ellas.</subfield>
</datafield>
<datafield tag="520" ind1=" " ind2=" ">
<subfield code="a">In the doctoral thesis "The cultural trajectory during the Holocene at the site of El Portalón de Cueva Mayor, Sierra de Atapuerca, Burgos", the aim was to understand and describe in detail the processes that gave rise to the archaeo-stratigraphic formation of the site. The archaeological sequence comprises from more than 7000 years BP until the Middle Age, a time period in which the site was occupied practically continuously.&#xd;
From a general and, at the same time, pragmatic perspective, the contributions of this site to the knowledge of the societies of recent prehistory are studied. We stablish not only their chronology, material culture and the different uses of the occupied space, but also the relationships established with other populations and regions (circulation of products and technology, exchange networks, circulation of ideas, etc.), over both, short and long distances and/or the discrepancies maintained between them.</subfield>
</datafield>
<datafield tag="024" ind2=" " ind1="8">
<subfield code="a">http://hdl.handle.net/10259/5969</subfield>
</datafield>
<datafield tag="024" ind2=" " ind1="8">
<subfield code="a">10.36443/10259/5969</subfield>
</datafield>
<datafield ind1=" " ind2=" " tag="653">
<subfield code="a">Holoceno</subfield>
</datafield>
<datafield ind1=" " ind2=" " tag="653">
<subfield code="a">Ocupación en cueva</subfield>
</datafield>
<datafield ind1=" " ind2=" " tag="653">
<subfield code="a">Cultura material</subfield>
</datafield>
<datafield ind1=" " ind2=" " tag="653">
<subfield code="a">Redes culturales y de intercambio</subfield>
</datafield>
<datafield ind1=" " ind2=" " tag="653">
<subfield code="a">Atapuerca</subfield>
</datafield>
<datafield ind1=" " ind2=" " tag="653">
<subfield code="a">Holocene</subfield>
</datafield>
<datafield ind1=" " ind2=" " tag="653">
<subfield code="a">Cave settlements</subfield>
</datafield>
<datafield ind1=" " ind2=" " tag="653">
<subfield code="a">Archaeological materials</subfield>
</datafield>
<datafield ind1=" " ind2=" " tag="653">
<subfield code="a">Cultural networks</subfield>
</datafield>
<datafield tag="245" ind1="0" ind2="0">
<subfield code="a">La trayectoria cultural durante el Holoceno en el yacimiento de El Portalón de Cueva Mayor, Sierra de Atapuerca, Burgos</subfield>
</datafield>
</record></metadata></record></GetRecord></OAI-PMH>